| 000 | 00547nam a2200157 4500 | ||
|---|---|---|---|
| 008 | 240503b |||||||| |||| 00| 0 eng d | ||
| 020 | _a9558037435 | ||
| 082 |
_a303.6 _bCEN |
||
| 110 | _aCentre for Policy Alternatives | ||
| 245 | _a Informal dispute resolution in the North East and Puttalam | ||
| 260 |
_aColombo: _bCentre for Policy Alternatives, _c 2003 |
||
| 300 | _a 124 pages; 25 cm | ||
| 650 | _aCONFLICT MANAGEMENT-Sri Lanka | ||
| 856 | _uhttps://www.cpalanka.org/wp-content/uploads/2007/8/Informal_Dispute_Resolution.pdf | ||
| 942 | _cRP | ||
| 999 |
_c4883 _d4883 |
||